000 00426nam a2200181Ia 4500
001 23194
005 20260414150921.0
008 260414t2011||||xx |||||||||||||| ||spa||
041 _aESP
082 _a625.725
_bW92
100 _aWright, Paul H.
_eAUT
245 0 _aIngenierĂ­a de carreteras
_b
260 _c2011
300 _aviii, 960 páginas :
_c23 cm.
650 _a0
654 _aCIC
942 _cLIB
_dJUS
_fJUS
_2ddc
_n
999 _c23194
_d23194